000 00938nam a2200229Ia 4500
001 17509
003 GE_BSU
008 181216s||||||||xx |||||||||||||| ||und||
040 _cGE_BSU
080 _a821.353.1-6
245 _aლაპარაკობენ დაღუპული გმირები
245 _bწერილები ფრონტიდან;ქართველები დიდ სამამულო ომში
245 _cშემდგენელ-რედ.:არჩილ კოკილაშვილი;მხატვ.:თ.სამსონაძე
260 _aთბილისი
260 _bნაკადული
260 _c1965
300 _a238გვ.;17სმ
300 _eილ.
653 _aქართველები დიდ სამამულო ომში
653 _aწერილები ფრონტიდან
942 _cBK
999 _c50559
_d50559